| 000 | 01135nam a2200349 i 4500 | ||
|---|---|---|---|
| 001 | 019708896 | ||
| 003 | EG-ScBUE | ||
| 005 | 20230606115504.0 | ||
| 008 | 160824t2018 ua a f 000 0 eng d | ||
| 020 | _a9789775864222 | ||
| 035 | _a(OCoLC)950006095 | ||
| 035 | _a(IiNdDKA)DKMEA-259-HBD | ||
| 040 |
_aIiNdDKA _beng _erda _cIiNdDKA _dUk _dEG-ScBUE |
||
| 043 | _af-ua--- | ||
| 082 | 0 | 4 |
_a383.230962 _222 _bRAA |
| 100 | 1 |
_aRaafat, Samir W., _eauthor. |
|
| 245 | 0 | 0 |
_aEgyptian postage, 1866-1967 / _cpreface, Samir Raafat ; editor, Sherif Boraïe. |
| 250 | _aSecond edition. | ||
| 264 | 1 |
_a[Cairo] : _bZeitouna, _c[2018] |
|
| 264 | 4 | _cc2018 | |
| 300 |
_a96 pages : _billustrations (black and white, and colour) ; _c20 cm |
||
| 336 |
_astill image _2rdacontent _btxt |
||
| 336 |
_atext _2rdacontent _btxt |
||
| 337 |
_aunmediated _2rdamedia _bn |
||
| 338 |
_avolume _2rdacarrier _bnc |
||
| 650 | 7 |
_aPostage stamps _zEgypt _vPictorial works. _2BUEsh |
|
| 655 | _vReading book | ||
| 700 | 1 |
_aBoraïe, Sherif, _eeditor. |
|
| 942 |
_2ddc _cBB |
||
| 999 |
_c30456 _d30427 |
||